000 00549nam a2200229Ia 4500
003 OSt
005 20220924135529.0
006 a|||||r|||| 00| 0
007 ta
008 220923b |||||||| |||| 00| 0 ben d
024 _a291572
037 _cTextual
040 _aARTS
_cARTS
_bben
041 _2ben
_aben
082 _aO157,1xL, H9
100 _aMandal
_9209801
245 0 _aGorkna - vijaya
260 _c1949
650 _aBENGALI LITERATURE
942 _hO157,1xL, H9
_cTEXL
_2CC
999 _c441034
_d441034